| 000 | 00436nam a22001817a 4500 | ||
|---|---|---|---|
| 003 | OSt | ||
| 008 | 230511b |||||||| |||| 00| 0 eng d | ||
| 020 | _a9788123907970 | ||
| 082 | _a624 GUC | ||
| 100 | _aGUPTA,SP | ||
| 245 | _aCivil Engineering Though Objective Type Questions | ||
| 250 | _a3rd Ed | ||
| 260 |
_aNew delhi _bCBS Pub _c2022 |
||
| 300 | _a550 | ||
| 650 | _aDecentralization | ||
| 700 | _aGUPTA,SS | ||
| 942 |
_2ddc _cREF |
||
| 999 |
_c12033 _d12033 |
||